| 000 | 00488nam a2200157 a 4500 | ||
|---|---|---|---|
| 005 | 20140414132108.0 | ||
| 008 | 110115s19uu xx 00 eng d | ||
| 050 |
_aM 598.9 _bM25 2004 |
||
| 100 | _aMarkle, Sandra. | ||
| 245 |
_aOwls / _cSandra Markle. |
||
| 260 |
_aMinneapolis : _bCarolrhoda Books, _cc2004. |
||
| 440 | _aAnimal predators | ||
| 520 | _aDiscusses the physical characteristics of owls that combine to make them such able predators. | ||
| 650 | _aOwls. | ||
| 999 |
_c114660 _d114660 |
||